000 00935nam a2200241Ia 4500
003 GCL
008 140319s9999 xx 000 0 ara d
040 _aGCL /
_cGCL
082 0 4 _a245
_bج ا
100 1 _aابن حزم : ابومحمد على بن احمد بن سعيد بن حزم بن غالب بن صالح الظاهرى
245 1 0 _aالاصول والفروع /
_cابن حزم : ابومحمد على بن احمد بن سعيد بن حزم بن غالب بن صالح الظاهرى
700 1 _aمحمد عاطف العراقى
700 1 _aسهير فضل الله ابووافية(مترجم و
260 _a[S.N] :
_bدار النهضة العربية ،
_c1987
300 _a430 ص
490 _a
650 0 4 _aالاسلام
650 0 4 _aالعقائد
650 0 4 _aالشريعة الاسلامية
650 0 4 _aالفرق الاسلامية
650 0 4 _aعلم الكلام
942 _2ddc
_cBK
999 _c29596
_d29596